| 000 | 004300000a22001810004500 | ||
|---|---|---|---|
| 003 | MACL | ||
| 005 | 20150726150526.0 | ||
| 008 | 150726b xxu||||| |||| 00| 0 eng d | ||
| 040 |
_aMACL _cMACL |
||
| 041 | _aEnglish | ||
| 082 | _a330/PAT | ||
| 100 |
_aPatnaik, Prabhat _92118 |
||
| 245 | _aThe Value of money | ||
| 260 |
_bTulika Books _c2008 _aDelhi |
||
| 350 | _a300 | ||
| 650 |
_aEconomics _92631 |
||
| 942 |
_cBK _k330/PAT _2ddc |
||
| 999 |
_c40999 _d40999 |
||